000 00713nam a2200253Ia 4500
003 OSt
005 20220918175505.0
006 a|||||r|||| 00| 0
007 ta
008 220917b |||||||| |||| 00| 0 eng d
024 _a17,579
037 _cTextual
040 _aARTS
_cARTS
_beng
041 _2eng
_aeng
082 _aR1:(N), L2
100 _aRunder Richard
_954140
245 0 _aLogic and art
_b essays in honor of Nelson Oodman
260 _an.Y
_bBobbs Merrill
_c1972
300 _aix,330p. illus
_ccm.
650 _aPHILOSOPHY; ARTS
_954141
700 _a Scheffler Israel
_954142
942 _hR1:(N), L2
_cTEXL
_2CC
999 _c157753
_d157753